| 000 | 00798nam a22002295a 4500 | ||
|---|---|---|---|
| 999 |
_c26975 _d26947 |
||
| 005 | 20181112154804.0 | ||
| 008 | 181112s2008 wiu frb 001 0 eng d | ||
| 020 | _a5800129947515 | ||
| 040 |
_aEG-ScBUE _beng _cEG-ScBUE _dEG-ScBUE |
||
| 082 | 0 | 4 |
_a005.43 _bARP _222 |
| 100 | 1 |
_aArpaci-Dusseau, Remzi H. _941919 |
|
| 245 | 1 | 0 |
_aOperating systems : _bthree easy pieces / _cRemzi H. Arpaci-Dusseau, Andrea C. Arpaci-Dusseau. |
| 260 |
_a[Madison] : _bRemzi H. Arpaci-Dusseau, _c2008. |
||
| 300 |
_axxx, 676 p. : _bill. ; _c24 cm. |
||
| 504 | _aIncludes bibliographical references and index. | ||
| 650 | 7 |
_aSystems programming (Computer scinece) _2BUEsh |
|
| 651 | _2BUEsh | ||
| 653 |
_bGGEN _bCOMSCI _cNovember2018 |
||
| 655 | _vText book | ||
| 700 | 1 |
_aArpaci-Dusseau, Andrea C. _93705 |
|
| 942 | _2ddc | ||